The Use of Visual Aids to Navigation / (Record no. 133)

000 -LEADER
fixed length control field 00481nam a2200169Ia 4500
008 - FIXED-LENGTH DATA ELEMENTS--GENERAL INFORMATION
fixed length control field 190805s9999||||xx |||||||||||||| ||und||
020 ## - INTERNATIONAL STANDARD BOOK NUMBER
International Standard Book Number 9781906915292
Terms of availability £ 35.00
082 04 - DEWEY DECIMAL CLASSIFICATION NUMBER
Classification number 623.893
Item number Sq58
100 1# - MAIN ENTRY--PERSONAL NAME
Personal name Squire, David
245 14 - TITLE STATEMENT
Title The Use of Visual Aids to Navigation /
250 ## - EDITION STATEMENT
Edition statement 2nd ed.
260 ## - PUBLICATION, DISTRIBUTION, ETC. (IMPRINT)
Place of publication, distribution, etc London :
Name of publisher, distributor, etc The Nautical Institute,
Date of publication, distribution, etc 2013
300 ## - PHYSICAL DESCRIPTION
Extent 72 p.
Other physical details :
Dimensions ; 24 cm.
650 #0 - SUBJECT ADDED ENTRY--TOPICAL TERM
Topical term or geographic name as entry element Aids to navigation
852 ## - LOCATION/CALL NUMBER
Location
942 ## - ADDED ENTRY ELEMENTS (KOHA)
Item type Books
Holdings
Withdrawn status Lost status Damaged status Not for loan Collection code Permanent location Current location Shelving location Date acquired Source of acquisition Cost, normal purchase price Full call number Barcode Date last seen Koha item type Public note
        Nautical Science IMU Kochi Library IMU Kochi Library Reference 2017-05-22 Segment Book Distrubuters 3045.00 623.893 Sq58 BK003111 2019-08-05 Books Shelf-4, Row-3
        Nautical Science IMU Kochi Library IMU Kochi Library Reference 2017-05-22 Segment Book Distrubuters 3045.00 623.893 Sq58 BK003110 2019-08-05 Books Shelf-4, Row-3


Copyright © All Rights Reserved by Indian Maritime University, Kochi Campus.
For any Suggestions/Query Contact to library or Email: library.kochi@imu.ac.in Ph:(0484)-2989402
(Web OPAC Designed by Rudra Ranjan. Maintained by IMU Kochi Library)

Powered by Koha